Pokémon - Les attaques de Griknot - Statistiques

Statistiques générales
  • Ce quiz a été pris 11 fois
  • Le résultat moyen est 9 sur 12
Statistiques - réponses
Niveaux Types Noms des attaques % Correct
Niveau 54 Normal Bélier
86%
Départ Normal Charge
86%
Niveau 12 Dragon Draco-Souffle
86%
Niveau 6 Sol Jet de Sable
86%
Niveau 25 Ténèbres Morsure
86%
Niveau 18 Sol Piétisol
86%
Niveau 42 Sol Tunnel
86%
Niveau 60 Dragon Draco-Charge
71%
Niveau 36 Dragon Draco-Griffe
71%
Niveau 48 Roche Tempête de Sable
71%
Départ Sol Tourbi-Sable
57%
Niveau 30 Normal Tranche
57%
Aucun quiz correspondant
Distribution des résultats
% des personnes avec chaque résultat
Percentile par nombre de réponses
Votre historique - résultats
Vous n’avez pas pris ce quiz